| 000 | 00632nam a2200205 i 4500 | ||
|---|---|---|---|
| 001 | 61893 | ||
| 003 | ES-MaACL | ||
| 005 | 20230906164551.0 | ||
| 007 | t| | ||
| 008 | 031114s1960 sp ||||1| spa d | ||
| 100 | 1 |
_aFaulkner, T. Ewan. _948948 |
|
| 245 | 1 | 0 |
_aGeometrÃa proyectiva / _cpor T. Ewan Faulkner ; versión por L. Bravo Gala. |
| 260 |
_aMadrid : _bDossat, _c[1960] |
||
| 300 |
_aXV, 144 p. : _bil. ; _c22 cm. |
||
| 490 | 1 | _aUniversity Mathematical texts | |
| 700 | 1 |
_aBravo Gala, Luis. _931482 |
|
| 830 | 0 |
_aUniversity Mathematical texts _9180736 |
|
| 852 |
_aES-MaACL _jC-19184 _bR.46799 |
||
| 999 |
_c61893 _d61893 |
||